000 00655nab a2200193 4500
001 244442
003 OSt
005 20250214102050.0
007 tu
008 200917s2020|||||||
040 _aDE-2950
_cDE-2950
245 0 0 _aRechnungsprüfer sehen teure Versäumnisse
_bFinanzen. Die Sanierung im Rathaus Frankfurt ist abgeschlossen. Über 37 Millionen Euro wurden ausgegeben. Ein Bericht wirft Fragen auf/
_cThomas Gutke
264 _c2024
653 _aFrankfurt (Oder)
653 _aRathaussanierung
653 _aRechnungsprüfungsamt
773 0 _g36. Jahrgang (2025) Nr. 37 vom 13.02.2025, S. 13 mit Foto
_tMärkische Oderzeitung
942 _2z
_cA
999 _c373616
_d373616